000 00660nam a2200193Ia 4500
008 240729s9999 xx 000 0 und d
022 _a1558-9250
245 0 _aJournal of Engineered Fibers and Fabrics
260 _aUnited Kingdom
260 _bSAGE Publishing
650 _a Chemical technology
650 _a Electrical engineering. Electronics. Nuclear engineering
650 _a Materials of engineering and construction. Mechanics of materials | Technology
650 _a Textile bleaching, dyeing, printing, etc.
650 _aTechnology
856 _uhttps://doaj.org/toc/26bac0cf1d6646338521f6e0d039f849
942 _2ddc
942 _cDOAJEJ
999 _c67831
_d67831
945 _a1
_bMadushi Gamage
_c1
_dMadushi Gamage